Sports Quiz

Random Sports or Football Quiz

SF Giants Best Lineup Quiz Stats

 Plays Quiz not verified by Sporcle

Score 0/9 Timer 02:00
0 Plays Today
Position Players % Correct
CBuster Posey
98.1%
PTim Lincecum
76.4%
1BAubrey Huff
64%
2BFreddy Sanchez
59%
SSEdgar Renteria
57.4%
3BJuan Uribe
56.9%
CFAndres Torres
53.8%
RFCody Ross
52.4%
LFPat Burrell
51%

You're not logged in!

Compare scores with friends on all Sporcle quizzes.
OR
Log In

Show Comments

Extras

Top Quizzes Today


Score Distribution

Your Account Isn't Verified!

In order to create a playlist on Sporcle, you need to verify the email address you used during registration. Go to your Sporcle Settings to finish the process.

Report this User

Report this user for behavior that violates our Community Guidelines.

Details: